Southville International School and Colleges
Your cart is empty.
  • Cart
  • Lists
    Public lists Eva Luna New books Lux_list list_1
    Your lists Log in to create your own lists
  • Log in to your account
  • Your cookies
  • Search history
Southville International School and Colleges
  • Advanced search
  • Recent comments
  • Most popular
  • Libraries

Log in to your account

Log in with GOOGLE


If you do not have an external account, but do have a local account, you can still log in:

  1. Home
  2. MARC view: Carnation's easy-does-it cookbook /
Normal view MARC view ISBD view

Carnation's easy-does-it cookbook / (Record no. 35826)

[ view plain ]
MARC details
000 -LEADER
fixed length control field 00775cam a2200277 4500
001 - CONTROL NUMBER
control field 2181521
003 - CONTROL NUMBER IDENTIFIER
control field OSt
005 - DATE AND TIME OF LATEST TRANSACTION
control field 20140311134811.0
008 - FIXED-LENGTH DATA ELEMENTS--GENERAL INFORMATION
fixed length control field 701104s1970 nyua 001 0 eng
010 ## - LIBRARY OF CONGRESS CONTROL NUMBER
LC control number 70121731
020 ## - INTERNATIONAL STANDARD BOOK NUMBER
International Standard Book Number 0875020097
040 ## - CATALOGING SOURCE
Original cataloging agency DLC
Transcribing agency DLC
Modifying agency DLC
050 00 - LIBRARY OF CONGRESS CALL NUMBER
Classification number TX 740
Item number .P665 1958
082 00 - DEWEY DECIMAL CLASSIFICATION NUMBER
Classification number M 641.5
Item number B58 1958
100 1# - MAIN ENTRY--PERSONAL NAME
Personal name Piper, Virginia M.
245 10 - TITLE STATEMENT
Title Carnation's easy-does-it cookbook /
Statement of responsibility, etc Piper, Virginia M.
260 ## - PUBLICATION, DISTRIBUTION, ETC. (IMPRINT)
Place of publication, distribution, etc New York,
Name of publisher, distributor, etc Benjamin Co.; distributed by Grosset & Dunlap
Date of publication, distribution, etc 1958
300 ## - PHYSICAL DESCRIPTION
Extent 176 p.
Dimensions 16 cm.
350 ## - PRICE (NR) (BK AM CF MU VM SE) [OBSOLETE]
Price $1.45
650 #0 - SUBJECT ADDED ENTRY--TOPICAL TERM
Topical term or geographic name as entry element Cooking.
655 #7 - INDEX TERM--GENRE/FORM
Genre/form data or focus term Cookbooks.
Source of term lcgft
740 0# - ADDED ENTRY--UNCONTROLLED RELATED/ANALYTICAL TITLE
Uncontrolled related/analytical title Easy-does-it cookbook.
906 ## - LOCAL DATA ELEMENT F, LDF (RLIN)
a 7
b cbc
c orignew
d 4
e ncip
f 19
g y-gencatlg
942 ## - ADDED ENTRY ELEMENTS (KOHA)
Source of classification or shelving scheme Library of Congress Classification
Koha item type Books
Call number prefix
Holdings
Withdrawn status Lost status Source of classification or shelving scheme Damaged status Home library Current library Shelving location Date acquired Source of acquisition Total Checkouts Full call number Barcode Date last seen Copy number Price effective from Koha item type
    Library of Congress Classification   College Library College Library General Circulation Section 04/20/2012 Donation   M 6415 .B58 1958 C1621 05/15/2018 1 11/14/2013 Books

Carnation's easy-does-it cookbook /

APA

Piper V. M., . (1958). Carnation's easy-does-it cookbook. New York: Benjamin Co.; distributed by Grosset & Dunlap.

Chicago

Piper Virginia M, . 1958. Carnation's easy-does-it cookbook. New York: Benjamin Co.; distributed by Grosset & Dunlap.

Harvard

Piper V. M., . (1958). Carnation's easy-does-it cookbook. New York: Benjamin Co.; distributed by Grosset & Dunlap.

MLA

Piper Virginia M, . Carnation's easy-does-it cookbook. New York: Benjamin Co.; distributed by Grosset & Dunlap. 1958.

  • Place hold
  • Print
  • Cite
  • Add to your cart (remove)
  • Save record
    BIBTEX Dublin Core MARCXML MARC (non-Unicode/MARC-8) MARC (Unicode/UTF-8) MARC (Unicode/UTF-8, Standard) MODS (XML) RIS
  • More searches
    Search for this title in:
    Other Libraries (WorldCat) Other Databases (Google Scholar) Online Stores (Bookfinder.com) Open Library (openlibrary.org)

Exporting to Dublin Core...

SOUTHVILLE LIBRARY

Southville International School and Colleges Library

1281 Tropical Ave. Cor. Luxembourg St., BF Homes International, Las Pinas City

Tel. No. 8256374 / 252358 Loc. 117/146

Powered by Koha